[Event "Russian Blitz Internet Cup Superfinal"]
[Site "chessassistantclub.com INT"]
[Date "2004.12.28"]
[Round "17"]
[White "Dobrov,V"]
[Black "Van Wely,L"]
[Result "0-1"]
[WhiteElo "2487"]
[BlackElo "2681"]

1.e4 e6 2.d4 d5 3.Nd2 dxe4 4.Nxe4 Nd7 5.Nf3 Ngf6 6.Bd3 c5 7.O-O Nxe4 8.Bxe4 Nf6
9.Bd3 cxd4 10.Nxd4 Bc5 11.Be3 Bb6 12.c3 O-O 13.Bg5 h6 14.Bh4 e5 15.Nc2 g5
16.Bg3 Bg4 17.Be2 Qxd1 18.Bxd1 Rfe8 19.Bxg4 Nxg4 20.Rad1 f5 21.h3 Nf6 22.Bh2 f4
23.Rd6 Kf7 24.Rfd1 Re6 25.Kf1 Rxd6 26.Rxd6 Ke7 27.Rd1 e4 28.f3 e3 29.g3 Nh5
30.g4 Nf6 31.Ke2 Rd8 32.Rxd8 Kxd8 33.Nb4 Kd7 34.c4 Ke6 35.Nd3 Bd4 36.b4 Be5
37.a4 b6 38.Kd1 Nd7 39.Kc2 Nb8 40.b5 Nd7 41.h4 Bd6 42.hxg5 hxg5 43.Kc3 Ne5
44.Ne1 Bc5 45.Bg1 Ng6 46.Bh2 Nh4 47.Bg1 Bd6 48.Kd3 Bb4 49.Nc2 Bc5 50.Ke4 Kd6
51.Ne1 Ke6 52.Nd3 Bd6 53.Bh2 Ng6 54.a5 Ne7 55.a6 Ng8 56.c5 Nf6+ 57.Kd4 bxc5+
58.Kc4 Nd7 59.Kc3 Nb6 60.Bg1 c4 61.Nb2 Kd5 62.Kc2 Be5 63.Nd1 Bd4 64.Nc3+ Bxc3
65.Kxc3 Kc5 66.Kc2 Nd5 67.b6 Kxb6 68.Kb2 Kxa6 69.Kc2 Kb5 70.Kb2 a5 71.Kc2 Kb4  0-1

[Event "NK Rapid"]
[Site "Vlaardingen NED"]
[Date "2005.10.01"]
[Round "1"]
[White "Van Wely,L"]
[Black "De Jong,JW"]
[Result "1-0"]
[WhiteElo "2648"]
[BlackElo "2334"]

1.d4 Nf6 2.c4 g6 3.Nc3 d5 4.Nf3 Bg7 5.Qa4+ Bd7 6.Qb3 dxc4 7.Qxc4 O-O 8.Bf4 Na6
9.e4 Bg4 10.Ne5 c5 11.d5 Nh5 12.Nxg4 Nxf4 13.e5 h5 14.Qxf4 hxg4 15.Bc4 Qc7
16.d6 exd6 17.exd6 Rae8+ 18.Kf1 Qb6 19.Nb5 Nb8 20.Rd1 Nd7 21.h4 Nf6 22.b3 Re4
23.Qg5 Rfe8 24.d7 Nxd7 25.h5 Qa5 26.g3 Re1+ 27.Kg2 Rxh1 28.Rxh1 Ne5 29.hxg6 Nxc4
30.gxf7+ Kxf7 31.Qf5+ Kg8 32.Qd5+ Kf8 33.bxc4 Qb6 34.Nd6 Re7 35.Rh5  1-0

[Event "NK Rapid"]
[Site "Vlaardingen NED"]
[Date "2005.10.01"]
[Round "2"]
[White "Visser,Y"]
[Black "Van Wely,L"]
[Result "0-1"]
[WhiteElo "2485"]
[BlackElo "2648"]

1.e4 c5 2.d3 Nc6 3.g3 g6 4.Bg2 Bg7 5.f4 d6 6.Nf3 e5 7.O-O Nge7 8.c3 O-O 9.Na3 exf4
10.gxf4 d5 11.Qe1 b6 12.Qh4 Ba6 13.f5 gxf5 14.exd5 Nxd5 15.Ng5 h6 16.Rxf5 Nde7
17.Rxf7 Rxf7 18.Nxf7 Kxf7 19.Bxh6 Qd6 20.Rf1+ Kg8 21.Bxg7 Kxg7 22.Be4 Rh8
23.Qg5+ Ng6 24.Rf2 Ne5 25.Rg2 Bxd3 26.Bxd3 Nf3+  0-1

[Event "NK Rapid"]
[Site "Vlaardingen NED"]
[Date "2005.10.01"]
[Round "3"]
[White "Van Wely,L"]
[Black "Dgebuadze,A"]
[Result "1-0"]
[WhiteElo "2648"]
[BlackElo "2535"]

1.d4 e6 2.c4 f5 3.g3 Nf6 4.Bg2 Be7 5.Nf3 d6 6.O-O O-O 7.Nc3 Qe8 8.Qd3 Nc6
9.e4 fxe4 10.Nxe4 e5 11.dxe5 dxe5 12.Nxf6+ Bxf6 13.Ng5 Bxg5 14.Bxg5 Bf5 15.Qd5+ Kh8
16.Rad1 Qh5 17.f4 exf4 18.Bxf4 Rad8 19.Bf3 Qg6 20.Qc5 Bd3 21.Bxc7 Bxf1 22.Rxd8 Rxd8
23.Bxd8 Bxc4 24.Qf8+ Bg8 25.Bd5  1-0

[Event "NK Rapid"]
[Site "Vlaardingen NED"]
[Date "2005.10.01"]
[Round "5"]
[White "Van Wely,L"]
[Black "Naiditsch,A"]
[Result "0-1"]
[WhiteElo "2648"]
[BlackElo "2641"]

1.Nf3 Nf6 2.c4 e6 3.Nc3 Bb4 4.Qc2 c5 5.a3 Ba5 6.g4 Nc6 7.g5 Nh5 8.Ne4 d6
9.e3 f5 10.gxf6 Nxf6 11.Rg1 Nxe4 12.Qxe4 Qf6 13.Rb1 O-O 14.Bd3 g6 15.Rg2 d5
16.cxd5 exd5 17.Qxd5+ Be6 18.Qe4 Rad8 19.Ng5 Ne5 20.Bc2 Bf5 21.Qh4 Qxg5 22.Qxg5 Nf3+
23.Ke2 Nxg5 24.Bxf5 Rxf5 25.b4 Bb6 26.a4 cxb4 27.Rxb4 Nf7 28.f4 Rc5 29.Bb2 Ba5
30.Rxb7 Rxd2+ 31.Kf3 Rxg2 32.Kxg2 Nd8 33.Rg7+ Kf8 34.Bd4 Rc2+ 35.Kf3 Nf7
36.Rxh7 Bb6 37.Bf6 Rc6 38.Bb2 Rc2 39.Bf6 Ra2 40.Rg7 Ra3 41.Rxg6 Rxe3+ 42.Kg4 Rd3
43.h4 Rd1 44.h5 Rg1+ 45.Kf5 Rh1 46.Bg7+ Kg8 47.h6 Kh7 48.Rc6 Rh5+ 49.Kg4 Ra5
50.f5 Rxa4+ 51.Kh5 Ra2 52.Rf6 Rh2+ 53.Kg4 Rg2+ 54.Kh3 Rxg7 55.hxg7 Kxg7 56.Rg6+ Kf8
57.Kg2 Ne5  0-1

[Event "NK Rapid"]
[Site "Vlaardingen NED"]
[Date "2005.10.01"]
[Round "7"]
[White "Van Wely,L"]
[Black "Chuchelov,V"]
[Result "1-0"]
[WhiteElo "2648"]
[BlackElo "2534"]

1.d4 Nf6 2.c4 e6 3.Nc3 Bb4 4.e3 O-O 5.Ne2 d5 6.a3 Be7 7.cxd5 exd5 8.b4 c6
9.Bb2 Nbd7 10.Ng3 Re8 11.Bd3 a5 12.b5 c5 13.O-O cxd4 14.exd4 Nb6 15.Nf5 Bf8
16.Ne3 Be6 17.Qf3 Rc8 18.Rfc1 g6 19.Rc2 Bg7 20.Rac1 Qd7 21.h3 a4 22.Ne2 Rxc2
23.Rxc2 Rc8 24.Rxc8+ Qxc8 25.Nf4 Qc7 26.g4 Qd6 27.g5 Ne8 28.Ng4 Bxg4 29.Qxg4 Nc7
30.h4 Ne6 31.Nxe6 Qxe6 32.Qf4 Bf8 33.Kg2 Bd6 34.Qf3 Qe7 35.Bc2 Nc4 36.Bc3 Qe6
37.Bxa4 Bxa3 38.Bb3 Bf8  1-0

[Event "NK Rapid"]
[Site "Vlaardingen NED"]
[Date "2005.10.01"]
[Round "8"]
[White "Van den Doel,E"]
[Black "Van Wely,L"]
[Result "1/2-1/2"]
[WhiteElo "2582"]
[BlackElo "2648"]

1.e4 c5 2.Nf3 e6 3.d4 cxd4 4.Nxd4 a6 5.Be2 Nf6 6.Nc3 d6 7.O-O Be7 8.f4 O-O
9.Be3 Nc6 10.Qe1 Nxd4 11.Bxd4 b5 12.a3 Bb7 13.Qg3 Bc6 14.Kh1 Qd7 15.Bd3 a5
16.Nd1 d5 17.Bxf6 Bxf6 18.e5 Bd8 19.Ne3 f5 20.exf6 Bxf6 21.Rab1 g6 22.Ng4 Bg7
23.Rfe1 Qd6 24.Ne5 b4 25.axb4 axb4 26.b3 Be8 27.Re2 Bh6 28.Rf2 Qb6 29.Rbf1 Ra7
30.Qg4 Qd6 31.g3 Bg7 32.Re2 Bxe5 33.Rxe5 Rf6 34.Rfe1 Bf7 35.Qe2 Qc5 36.Qe3 Qxe3
37.R1xe3 Kf8 38.Kg2 Ra5 39.Re1 Ke7 40.Kf2 Kd6 41.Ke3 Be8 42.Kd4 Bd7 43.Bf1 Rf5
44.Bh3 Rxe5 45.fxe5+ Ke7 46.Bf1 Bb5 47.Bxb5 Rxb5 48.Ra1 Rb7 49.Ra5 Kd7 50.Ra8 Rc7
51.Rh8 Rxc2 52.Rxh7+ Ke8 53.Rb7 g5 54.h4 gxh4 55.gxh4 Rh2 56.Kc5 Rxh4 57.Kd6 d4
58.Rxb4 Kf7 59.Rb7+ Kf8 60.Kxe6 d3 61.Rd7 Rh3 62.Kf6 Rf3+ 63.Ke6 Rh3 64.b4 Rh6+
65.Kf5 Rb6 66.Rxd3 Rxb4 67.Kf6 Rf4+ 68.Ke6 Re4 69.Rd8+ Kg7 70.Ra8 Re1 71.Kd6 Kf7
72.Ra7+ Kg6 73.e6 Kf6 74.Rf7+ Kg6 75.Rf2 Kg7 76.Kd7 Rd1+ 77.Ke8 Re1 78.e7 Re3
79.Rf4 Re1 80.Kd7 Rd1+ 81.Ke6 Re1+ 82.Kd6 Rd1+ 83.Ke5 Re1+ 84.Kd6 Rd1+ 85.Rd4 Re1
86.Rf4 Re2 87.e8=Q  1/2-1/2

[Event "TCh-NED 2005-6"]
[Site "Netherlands NED"]
[Date "2005.09.24"]
[Round "1"]
[White "Van Wely,L"]
[Black "Motwani,P"]
[Result "1-0"]
[WhiteElo "2655"]
[BlackElo "2503"]

1.d4 e6 2.c4 Bb4+ 3.Bd2 a5 4.g3 Nf6 5.Bg2 Nc6 6.Nf3 d6 7.O-O e5 8.e3 O-O
9.Bc1 Bg4 10.h3 Bxf3 11.Bxf3 exd4 12.Bxc6 bxc6 13.exd4 a4 14.a3 Ba5 15.Qxa4 Qd7
16.Kg2 Rfe8 17.b4 Bb6 18.Qd1 c5 19.dxc5 dxc5 20.Qxd7 Nxd7 21.b5 Ne5 22.Nd2 Ba5
23.a4 Bb4 24.Ra2 f6 25.Nb3 Nxc4 26.Bf4 Ne5 27.Rc1 Nd3 28.Rc4 Nxf4+ 29.gxf4 Ra7
30.Nxc5 Bxc5 31.Rxc5 Re4 32.a5 Rxf4 33.a6 Rd4 34.Rac2 Rd7 35.Rxc7  1-0

[Event "TCh-NED 2005-6"]
[Site "Netherlands NED"]
[Date "2006.03.04"]
[Round "7"]
[White "Li Shilong"]
[Black "Van Wely,L"]
[Result "1/2-1/2"]
[WhiteElo "2543"]
[BlackElo "2647"]

1.d4 d5 2.c4 c6 3.Nf3 Nf6 4.Nc3 e6 5.Bg5 h6 6.Bh4 dxc4 7.e4 g5 8.Bg3 b5 9.Be2 Bb7
10.e5 Nd5 11.h4 Qa5 12.hxg5 Nxc3 13.bxc3 Qxc3+ 14.Kf1 Nd7 15.Bf4 Nb6 16.gxh6 Nd5
17.Bg5 c5 18.a4 cxd4 19.Nxd4 Bc5 20.Rh4 a6 21.Rc1 Qa5 22.Bh5 Bxd4 23.Bxf7+ Kxf7
24.Qh5+ Kf8 25.Rxd4 Qc7 26.Rc3 Qf7 27.Rf3 Ne3+ 28.Bxe3 Bxf3 29.Qg5 Ke8 30.gxf3 Rg8
31.Qh4 Qf5 32.Rd6 c3 33.h7 Rh8 34.Qh6 Rxh7 35.Rxe6+ Kd7 36.Rd6+ Ke8 37.Re6+  1/2-1/2

[Event "XXI Rapid Open"]
[Site "Villarrobledo ESP"]
[Date "2006.08.05"]
[Round "2"]
[White "Van Wely,L"]
[Black "Sanchez Jimenez,JC"]
[Result "1-0"]
[WhiteElo "2675"]
[BlackElo "2289"]

1.d4 e6 2.e4 d5 3.e5 c5 4.c3 Nc6 5.Nf3 Qb6 6.a3 Nh6 7.b4 cxd4 8.cxd4 Nf5
9.Bb2 Be7 10.h4 h5 11.Bd3 a5 12.Bxf5 exf5 13.Nc3 Be6 14.b5 a4 15.O-O Na5
16.Qxa4 O-O 17.Qc2 Rfc8 18.a4 Nc4 19.Rfc1 Qa5 20.Qb3 Qb4 21.Qxb4 Bxb4 22.Nd1 Nb6
23.Rxc8+ Bxc8 24.Bc3 Be7 25.a5 Nc4 26.Ne3 Nxe3 27.fxe3 Bd7 28.Rb1 Bd8 29.b6 Kf8
30.Bb4+ Ke8 31.Rc1 Bb5 32.g3 Kd7 33.Ng5 Bxg5 34.Rc7+ Ke8 35.hxg5 Ba6 36.Re7+  1-0

[Event "XXI Rapid Open"]
[Site "Villarrobledo ESP"]
[Date "2006.08.05"]
[Round "5"]
[White "Moreno Carnero,J"]
[Black "Van Wely,L"]
[Result "1-0"]
[WhiteElo "2509"]
[BlackElo "2675"]

1.e4 c5 2.Nf3 e6 3.d4 cxd4 4.Nxd4 a6 5.Be2 Nf6 6.Nc3 d6 7.O-O Be7 8.f4 O-O
9.Be3 Nc6 10.Kh1 Bd7 11.Qe1 Nxd4 12.Bxd4 Bc6 13.Bf3 Qc7 14.Qg3 b5 15.Rae1 b4
16.Nd1 Qb7 17.Nf2 Kh8 18.Re3 Rg8 19.Qh3 Rad8 20.Rfe1 Qc7 21.Nd3 a5 22.e5 Nd7
23.f5 exf5 24.Bxc6 Qxc6 25.e6 fxe6 26.Nf4 Nf8 27.Qxh7+  1-0

[Event "TCh-ESP Honor Gp2"]
[Site "San Sebastian ESP"]
[Date "2006.09.15"]
[Round "3"]
[White "Cramling,P"]
[Black "Van Wely,L"]
[Result "0-1"]
[WhiteElo "2521"]
[BlackElo "2675"]

1.d4 Nf6 2.Nf3 d5 3.c4 e6 4.Nc3 c6 5.Bg5 h6 6.Bh4 dxc4 7.e4 g5 8.Bg3 b5 9.Ne5 h5
10.h3 Bb7 11.Qf3 Nbd7 12.Rd1 Qe7 13.a3 Rd8 14.Be2 Rg8 15.Nxd7 Rxd7 16.Be5 Bg7
17.Bxf6 Qxf6 18.Qxf6 Bxf6 19.e5 Be7 20.Bxh5 Rh8 21.Bf3 Rh4 22.g4 Kd8 23.Ke2 Kc7
24.Ne4 Kb6 25.Nc5 Rc7 26.Ne4 a5 27.Ke3 Rh8 28.Bg2 c5 29.Bf3 cxd4+ 30.Rxd4 c3
31.bxc3 Bxa3 32.Rd3 Bxe4 33.Bxe4 Rhc8 34.Ra1 Bf8 35.Kd2 a4 36.Rb1 Ka5 37.Rf3 Bg7
38.Bd3 Rb8 39.Re1 Rd8 40.h4 gxh4 41.g5 Rd5 42.Rfe3 Rc4 43.Kc2 Rcc5 44.f4 b4
45.c4 Rd4 46.Re4 Rxe4 47.Rxe4 Rc8 48.Rd4 h3  0-1

[Event "TCh-NED 2006-7"]
[Site "Netherlands NED"]
[Date "2006.09.23"]
[Round "1"]
[White "Ernst,S"]
[Black "Van Wely,L"]
[Result "1/2-1/2"]
[WhiteElo "2504"]
[BlackElo "2675"]

1.d4 Nf6 2.c4 e6 3.Nf3 d5 4.Nc3 c6 5.Bg5 h6 6.Bh4 dxc4 7.e4 g5 8.Bg3 b5 9.Be2 Bb7
10.O-O Nbd7 11.Ne5 Bg7 12.Nxd7 Nxd7 13.Bd6 a6 14.Bh5 Bf8 15.Bxf8 Rxf8 16.e5 Qb6
17.Ne4 O-O-O 18.Nd6+ Kb8 19.b3 f6 20.bxc4 fxe5 21.a4 exd4 22.axb5 cxb5 23.Nxb7 Kxb7
24.cxb5 axb5 25.Bf3+ Kc7 26.Rc1+ Nc5 27.Re1 Qd6 28.Qd2 Kd7 29.Qb4 Rc8 30.Rcd1 d3
31.Qxb5+ Ke7 32.Qb2 Rf6 33.Re3 Rb8 34.Qa3 Rb3 35.Qa7+ Ke8 36.Qh7 Qd4 37.h3 Ra3
38.Qh8+ Ke7 39.Bh5 Nd7 40.Qh7+ Kd8 41.Bf3 Ne5 42.Qh8+ Ke7 43.Bh5 Nd7 44.Bg4 Qf4
45.Rf3 Qd4 46.Qg7+ Kd8 47.Qh8+ Kc7 48.Qg7 Kd8 49.Qh8+ Kc7 50.Qg7 Kd8 51.Qh8+  1/2-1/2

[Event "3rd Rapid Open"]
[Site "Ajaccio FRA"]
[Date "2006.10.30"]
[Round "3"]
[White "Van Wely,L"]
[Black "Colin,V"]
[Result "1-0"]
[WhiteElo "2676"]
[BlackElo "2418"]

1.d4 Nf6 2.Nf3 e6 3.Bg5 d5 4.c4 dxc4 5.Nc3 Bb4 6.a3 Bxc3+ 7.bxc3 c5 8.Qa4+ Nc6
9.Qxc4 cxd4 10.cxd4 h6 11.Bxf6 Qxf6 12.e3 O-O 13.Rd1 Bd7 14.Be2 Rfc8 15.O-O Rab8
16.Qd3 b5 17.e4 b4 18.axb4 Rxb4 19.Qe3 a5 20.d5 exd5 21.exd5 Ne7 22.Qa7 Qd6
23.Qxa5 Rcb8 24.h3 Bb5 25.Rfe1 Bxe2 26.Rxe2 R4b5 27.Qa7 Rxd5 28.Rde1 Ng6
29.g3 Rd8 30.h4 Qf6 31.Re3 Rd1 32.Rxd1 Rxd1+ 33.Kg2 Qa1 34.Re8+ Nf8 35.Qe7 Rh1
36.Rxf8+ Kh7 37.Qe4+  1-0

[Event "3rd Rapid Open"]
[Site "Ajaccio FRA"]
[Date "2006.10.30"]
[Round "4"]
[White "Sedlak,N"]
[Black "Van Wely,L"]
[Result "1-0"]
[WhiteElo "2549"]
[BlackElo "2676"]

1.e4 c5 2.Nc3 e6 3.Nf3 d6 4.d4 cxd4 5.Nxd4 Nf6 6.Be3 Nc6 7.f4 Be7 8.Qf3 O-O
9.O-O-O Bd7 10.Nb3 a5 11.a4 Nb4 12.Kb1 Rc8 13.Rd2 Bc6 14.Nd4 Qe8 15.Bb5 Nd7
16.Rhd1 Nc5 17.Nxc6 bxc6 18.Bxc5 dxc5 19.Bc4 Rc7 20.Ne2 Qb8 21.c3 Nd5 22.exd5 exd5
23.Ba2 Rb7 24.Ka1 Bf6 25.g4 g6 26.g5 Bg7 27.f5 Be5 28.h4 c4 29.h5 Qc7 30.Nd4 Rfb8
31.hxg6 fxg6 32.fxg6 hxg6 33.Qg4 Qd6 34.Qe6+ Qxe6 35.Nxe6 Rxb2 36.Rxb2 Bxc3
37.Rd2 Re8 38.Nf4 Re1+ 39.Bb1 d4 40.Ka2 Bxb2 41.Rxb2 Rf1 42.Nxg6 d3 43.Ne5  1-0

[Event "TCh-NED 2006-7"]
[Site "Netherlands NED"]
[Date "2006.11.11"]
[Round "3"]
[White "Van Wely,L"]
[Black "Strating,S"]
[Result "1-0"]
[WhiteElo "2675"]
[BlackElo "2279"]

1.d4 d5 2.c4 c6 3.Nf3 Nf6 4.e3 a6 5.Nc3 Bf5 6.Qb3 Ra7 7.a4 e6 8.a5 Nbd7 9.Nh4 Bg4
10.h3 Bh5 11.g4 Ne4 12.Nxe4 Qxh4 13.cxd5 exd5 14.Ng3 Bg6 15.Rg1 Bd6 16.Bd2 Qe7
17.Bc3 O-O 18.Qd1 Raa8 19.Qf3 Bxg3 20.Qxg3 f5 21.gxf5 Rxf5 22.Bd3 Rf6 23.Be2 Raf8
24.Rf1 Bf5 25.Qh4 Qd6 26.Rg1 Rh6 27.Qg3 Qxg3 28.Rxg3 Rxh3 29.Rxh3 Bxh3 30.Bb4 Rf7
31.f3 Nf6 32.Kd2 Bf5 33.Rg1 h5 34.Bd6 Kh7 35.Be5 Nd7 36.Bh2 g6 37.Rf1 Nf8
38.e4 Bh3 39.Rg1 Ne6 40.Ke3 dxe4 41.fxe4 Nxd4 42.Kxd4 Rf2 43.Bxh5 gxh5 44.Be5 Rxb2
45.Kc5 Rb5+ 46.Kd6 Bg4 47.Bc3 Rb3 48.Rg3 Kg6 49.e5 Rb5 50.e6 Rd5+ 51.Kc7 c5
52.Re3 h4 53.Re4 Bf5 54.e7 Bd7 55.e8=Q+ Bxe8 56.Rxe8 Rd3 57.Be5 c4 58.Kxb7 Kf5
59.Bb8 Rb3+ 60.Kxa6 c3 61.Re5+ Kf6 62.Bc7 h3 63.Rh5 Ke6 64.Rxh3 c2 65.Rh6+ Kd5
66.Bf4 Rb1 67.Rh5+ Ke4 68.Bh6 c1=Q 69.Bxc1 Rxc1 70.Kb6 Rg1 71.a6 Rg6+ 72.Kb5 Rg7
73.Rh6 Kd5 74.Kb6 Rg1 75.a7 Rb1+ 76.Kc7  1-0

[Event "ch-Euro Blitz"]
[Site "Ajaccio FRA"]
[Date "2007.10.25"]
[Round "1"]
[White "Van Wely,L"]
[Black "Giordano,L"]
[Result "1-0"]
[WhiteElo "2679"]
[BlackElo "2195"]

1.d4 c5 2.d5 Nh6 3.Nc3 Ng4 4.Nf3 g6 5.e4 f6 6.a4 Bh6 7.Bc4 Bg5 8.O-O Bf4
9.Bxf4 Rg8 10.Qd2 Rg7 11.Rfe1 d6 12.Rad1 Be6 13.dxe6 Na6 14.Nd5 h6 15.Bg3 Qd7
16.exd7+ Kxd7 17.c3 Rf7 18.h3 Rff8 19.Nxe7 Kxe7 20.Qxd6+ Ke8 21.Qd7+  1-0

[Event "ch-Euro Blitz"]
[Site "Ajaccio FRA"]
[Date "2007.10.25"]
[Round "2"]
[White "Giordano,L"]
[Black "Van Wely,L"]
[Result "0-1"]
[WhiteElo "2195"]
[BlackElo "2679"]

1.c4 Nf6 2.Nh3 e5 3.Na3 c6 4.Qc2 d5 5.cxd5 cxd5 6.g3 Nc6 7.Bg2 h6 8.b3 Be6
9.Rb1 Rc8 10.Rb2 Bxa3 11.d3 O-O 12.Rg1 Nd4 13.Bd2 Nxc2+ 14.Kf1 Bxb2 15.Bxh6 Ng4
16.Bxg7 Qh4 17.gxh4 Rc4 18.Bf3 Nxh2+ 19.Kg2 Nxf3 20.Kxf3 Nd4+ 21.Kg3 Nxe2+
22.Kg2 Bxh3+ 23.Kh2 Nxg1 24.Kxg1 Rxh4 25.Kh1 Bg4+ 26.Kg1 Bf3 27.Kf1 Bc3 28.Bh6 Rh1+  0-1

[Event "ch-Euro Blitz"]
[Site "Ajaccio FRA"]
[Date "2007.10.25"]
[Round "3"]
[White "Van Wely,L"]
[Black "Geronimi,Pi"]
[Result "1-0"]
[WhiteElo "2679"]
[BlackElo "1950"]

1.d4 d5 2.c4 c6 3.Nf3 Nf6 4.Nc3 e6 5.Bg5 h6 6.Bh4 Be7 7.e3 O-O 8.Qc2 Re8
9.O-O-O Nbd7 10.Rg1 Nf8 11.Bd3 Ng4 12.Bxe7 Qxe7 13.h3 Nf6 14.g4 N6d7 15.h4 e5
16.cxd5 exd4 17.Nxd4 cxd5 18.Nxd5 Qd6 19.Nc7 Qc6 20.Bf1  1-0

[Event "ch-Euro Blitz"]
[Site "Ajaccio FRA"]
[Date "2007.10.25"]
[Round "4"]
[White "Geronimi,Pi"]
[Black "Van Wely,L"]
[Result "0-1"]
[WhiteElo "1950"]
[BlackElo "2679"]

1.e4 e5 2.Nf3 Nc6 3.Bc4 Bc5 4.c3 Nf6 5.d4 exd4 6.cxd4 Bb4+ 7.Nc3 Nxe4 8.O-O Bxc3
9.d5 Ne5 10.bxc3 Nxc4 11.Re1 Nd6 12.Ng5 O-O 13.Nxe4 Nxe4 14.Rxe4 d6 15.Qf3 Re8
16.Rxe8+ Qxe8 17.Be3 f6 18.Re1 Bd7 19.Qg3 Qe5 20.Qxe5 fxe5 21.c4 b6 22.Bg5 h6
23.Bh4 g5 24.Bg3 Bf5 25.Re2 Bd3 26.Rd2 Bxc4  0-1

[Event "ch-Euro Blitz"]
[Site "Ajaccio FRA"]
[Date "2007.10.25"]
[Round "5"]
[White "Van Wely,L"]
[Black "Humeau,C"]
[Result "1-0"]
[WhiteElo "2679"]
[BlackElo "2159"]

1.d4 d5 2.c4 dxc4 3.Nf3 Nf6 4.e3 e6 5.Bxc4 a6 6.O-O c5 7.dxc5 Qxd1 8.Rxd1 Bxc5
9.Ne5 Nbd7 10.Nd3 Be7 11.a4 b6 12.b3 Bb7 13.Bb2 O-O 14.Nd2 Rac8 15.Rac1 Rfd8
16.Bd4 Nc5 17.Ne5 Nfd7 18.Ndf3 Nxe5 19.Nxe5 b5 20.axb5 axb5 21.Bxb5 Nxb3
22.Rxc8 Rxc8 23.Bb2 Rd8 24.Rb1 Be4 25.Rf1 Rb8 26.Bc6 Nd2 27.Bxe4 Rxb2 28.Nc6 Bf8
29.Bd3 Nxf1 30.Kxf1 g6 31.g3 Kg7 32.h4 h5 33.Ne5 Rd2 34.Bc4 Rc2 35.Bd3 Rc1+
36.Ke2 Be7 37.Nf3 Bf6 38.Bb5 Ra1 39.Bc4 Rb1 40.Bd3 Rb2+ 41.Kf1 Ra2 42.Be4 Ra4
43.Bc6 Rb4 44.Ke2 e5 45.Nd2 Rb2 46.Ke1 Be7 47.Nc4 Bb4+ 48.Kf1 Rc2 49.Nxe5 Bd6
50.Nxf7 Kxf7 51.Bd5+ Kf6 52.Be4 g5 53.hxg5+ Kxg5 54.Bxc2 h4 55.gxh4+ Kxh4
56.Ke2 Kg4 57.Bb3 Bc7 58.Bd5 Bd6 59.Kd3 Kf5 60.Bb7 Bh2 61.Ke2 Ke5 62.Kf3 Kf6
63.Ke4 Bd6 64.Kd5 Bh2 65.f4 Bg1 66.Ke4 Ke6 67.Bc8+ Kd6 68.Bh3 Kc7 69.Bg4  1-0

[Event "ch-Euro Blitz"]
[Site "Ajaccio FRA"]
[Date "2007.10.25"]
[Round "6"]
[White "Humeau,C"]
[Black "Van Wely,L"]
[Result "0-1"]
[WhiteElo "2159"]
[BlackElo "2679"]

1.e4 c5 2.Nf3 d6 3.d4 cxd4 4.Nxd4 Nf6 5.Nc3 a6 6.Be2 e6 7.O-O Be7 8.Be3 O-O
9.Kh1 Qc7 10.f4 b5 11.a3 Bb7 12.Bf3 Nbd7 13.Qe2 Rfe8 14.Rad1 Bf8 15.Nb3 Rac8
16.Rd2 Qc4 17.Rfd1 Qxe2 18.Rxe2 Rxc3 19.bxc3 Nxe4 20.Bxe4 Bxe4 21.Bc5 Bg6
22.Bxd6 Bh5 23.Bxf8 Nxf8 24.Red2 Bxd1 25.Rxd1 Rc8 26.Rd3 Ng6 27.g3 Ne7 28.Rd6 h5
29.Rxa6 Rxc3 30.Rb6 Rxc2 31.Rxb5 Nf5 32.Rb4 Ne3 33.Kg1 Rg2+ 34.Kh1 Ra2 35.Kg1 Rxa3
36.Nd2 Ra1+ 37.Kf2 Ng4+ 38.Kg2 Ra2 39.Rd4 Ne3+ 40.Kf3 Nf5 41.Rd8+ Kh7 42.Rd7 Kg6
43.Rd3 Ra1 44.Kg2 Re1 45.Kf2 Rd1 46.Ke2 Ra1 47.Kf2 Nh6 48.h3 Nf5 49.Kf3 Rh1
50.Kg2 Re1 51.Kf2 Rh1 52.Kg2 Rd1 53.Kf2 f6 54.Rd7 Nh6 55.Rd3 Ng8 56.Rd7 Nh6
57.Rd3 Kf7 58.Rd7+ Ke8 59.Rd3 Nf5 60.Kg2 Ke7 61.Kf2 Nd6 62.Ke2 Rg1 63.Kf2 Rd1
64.Ke2 Ra1 65.Kf3 Ra4 66.Rc3 Kd7 67.Rd3 e5 68.fxe5  0-1

[Event "ch-Euro Blitz"]
[Site "Ajaccio FRA"]
[Date "2007.10.25"]
[Round "9"]
[White "Van Wely,L"]
[Black "Philippe,C"]
[Result "1-0"]
[WhiteElo "2679"]
[BlackElo "2376"]

1.d4 f5 2.g3 Nf6 3.Bg2 g6 4.Nf3 Bg7 5.b4 Nc6 6.c3 O-O 7.d5 Nb8 8.Bb2 b5 9.Nd4 Bb7
10.Qb3 Kh8 11.Nxb5 a6 12.Nd4 e6 13.c4 a5 14.bxa5 Qc8 15.O-O exd5 16.cxd5 Rxa5
17.Nc3 Na6 18.Rab1 Nc5 19.Qb4 Qa8 20.Ndb5 Nfe4 21.Nxe4 Nxe4 22.Bxg7+ Kxg7
23.Nxc7 Rh8 24.Ra1 Bxd5 25.Nxa8 Raxa8  1-0

[Event "ch-Euro Blitz"]
[Site "Ajaccio FRA"]
[Date "2007.10.25"]
[Round "10"]
[White "Philippe,C"]
[Black "Van Wely,L"]
[Result "0-1"]
[WhiteElo "2376"]
[BlackElo "2679"]

1.e4 c5 2.Nf3 d6 3.d4 cxd4 4.Nxd4 Nf6 5.Nc3 a6 6.Bc4 e6 7.Bb3 Nc6 8.O-O Be7
9.Be3 O-O 10.f4 Bd7 11.Kh1 Qc7 12.Qe1 Na5 13.Rd1 b5 14.f5 Nxb3 15.axb3 e5
16.Nf3 b4 17.Nd5 Nxd5 18.Rxd5 Qxc2 19.Qxb4 Rfb8 20.Qd2 Qxd2 21.Nxd2 Bc6 22.Ra5 Bb5
23.Rfa1 f6 24.Kg1 Rb7 25.Kf2 Rc8 26.Ke1 Rc2 27.R5a2 Bd3 28.Kd1 Rbc7 29.g4 Kf7
30.h4 g6 31.fxg6+ hxg6 32.h5 gxh5 33.gxh5 Rc8 34.h6 Kg6 35.Ke1 Bf8 36.Kd1 Bxh6
37.Bxh6 Kxh6 38.Ke1 Kg5 39.Rxa6 Bxa6 40.Rxa6 R8c6 41.Ra8 Rxb2 42.Rf8 Rc1+
43.Ke2 Rcc2 44.Ke3 Rxd2  0-1

[Event "ch-Euro Blitz"]
[Site "Ajaccio FRA"]
[Date "2007.10.26"]
[Round "25"]
[White "Mchedlishvili,M"]
[Black "Van Wely,L"]
[Result "1-0"]
[WhiteElo "2631"]
[BlackElo "2679"]

1.c4 Nf6 2.Nc3 e5 3.Nf3 Nc6 4.a3 g6 5.g3 Bg7 6.Bg2 O-O 7.O-O d6 8.d3 Re8
9.Bg5 h6 10.Bxf6 Bxf6 11.Rb1 a5 12.b4 axb4 13.axb4 Bg7 14.Nd2 Bg4 15.b5 Nd4
16.h3 Bd7 17.e3 Ra3 18.Nb3 Nxb3 19.Rxb3 Ra7 20.b6 cxb6 21.Qb1 Bf5 22.Ne4 Ra6
23.h4 Qc7 24.Nc3 Qc5 25.Bxb7 Ra3 26.Ne4 Rxb3 27.Qxb3 Qc7 28.Bd5 Rb8 29.Rb1 Bf8
30.Kg2 Kg7 31.Qb5 Bd7 32.Qb4 b5 33.Nc3 Bf5 34.e4 Bd7 35.cxb5 Qb6 36.Bc4 Ra8
37.Nd5 Qd4 38.Qb2 Qc5 39.b6 Bc6 40.Qb4 Qd4 41.Qb2 Qc5 42.Qb3 Bb7 43.Ne3 Ra3
44.Qb2 Be7 45.Bd5 Bxd5 46.Ra1  1-0

[Event "ch-Euro Blitz"]
[Site "Ajaccio FRA"]
[Date "2007.10.26"]
[Round "30"]
[White "Massoni,M"]
[Black "Van Wely,L"]
[Result "0-1"]
[WhiteElo "2153"]
[BlackElo "2679"]

1.e4 c5 2.Nc3 Nc6 3.g3 g6 4.Bg2 Bg7 5.d3 e6 6.Be3 b6 7.f4 Nge7 8.Nge2 d5
9.exd5 exd5 10.d4 Bg4 11.Qd2 O-O 12.O-O Qd7 13.Rfe1 Rfe8 14.Bf2 c4 15.Nd1 Nf5
16.c3 Nd6 17.Bxd5 Ne4 18.Bxe4 Rxe4 19.Nc1 Bf3 20.Rxe4 Qh3 21.Ne3 Bxe4 22.Ne2 Ne7
23.d5 Nxd5 24.Nd4 Bxd4 25.cxd4 Re8 26.Re1 Bf3 27.g4 Nxf4 28.Bg3 Nd3 29.Rf1 Bxg4
30.Qd1  0-1

[Event "KNSB TCh-NED 2007-8"]
[Site "Netherlands NED"]
[Date "2008.02.09"]
[Round "6"]
[White "Van Wely,L"]
[Black "Cardon,H"]
[Result "1-0"]
[WhiteElo "2681"]
[BlackElo "2399"]

1.d4 d5 2.c4 e6 3.Nf3 Nf6 4.Nc3 Nbd7 5.cxd5 exd5 6.Bg5 Be7 7.e3 O-O 8.Bd3 Re8
9.Qc2 Nf8 10.h3 c6 11.Bf4 Ng6 12.Bh2 Bd6 13.Bxd6 Qxd6 14.O-O-O Be6 15.Kb1 Rac8
16.g4 b6 17.Rhg1 c5 18.Bf5 c4 19.h4 a6 20.h5 Ne7 21.Ne5 b5 22.h6 g6 23.Bxe6 Qxe6
24.g5 Nd7 25.f4 b4 26.Na4 Nxe5 27.fxe5 Qf5 28.Rdf1 Qxc2+ 29.Kxc2 Nf5 30.Kd2 Kf8
31.b3 Re6 32.Rc1 Ke7 33.Rc2 a5 34.Ke2 Rec6 35.bxc4 Rxc4 36.Rd2 R8c6 37.Kf3 Rc1
38.Rxc1 Rxc1 39.Nb2 Rg1 40.Nd3 Rg3+ 41.Kf2 Rxg5 42.Nf4 Nxh6 43.Rc2 Ng4+ 44.Kf3 h5
45.Nxd5+ Kd8 46.e4 Nh6 47.Nb6 h4 48.Rc8+ Ke7 49.Nd5+ Kd7 50.Rh8 Rg3+ 51.Ke2 Rg2+
52.Kd3 h3 53.Rxh6 h2 54.Nf6+ Ke7 55.d5 Rxa2 56.d6+ Ke6 57.d7 Ra1 58.Rxh2 Rd1+
59.Ke2 Rxd7 60.Nxd7 Kxd7 61.Kd3 Ke6 62.Kd4 a4 63.Rh8 a3 64.Ra8 g5 65.Ra4 g4
66.Rxb4 g3 67.Rb6+ Ke7 68.Ke3  1-0

[Event "KNSB TCh-NED 2007-8"]
[Site "Netherlands NED"]
[Date "2008.03.08"]
[Round "7"]
[White "Dambacher,M"]
[Black "Van Wely,L"]
[Result "0-1"]
[WhiteElo "2470"]
[BlackElo "2681"]

1.Nf3 Nf6 2.c4 e6 3.Nc3 d5 4.e3 c5 5.d4 cxd4 6.exd4 Bb4 7.cxd5 Nxd5 8.Bd2 O-O
9.Bd3 Nc6 10.O-O Be7 11.Qe2 Nf6 12.Be3 b6 13.a3 Bb7 14.Rad1 Rc8 15.Bg5 Re8
16.Rfe1 Nd5 17.Bd2 Nf6 18.Bg5 h6 19.Bf4 Bf8 20.Bc2 Ne7 21.Qd3 Ned5 22.Be5 g6
23.Ba4 Re7 24.Bb3 Bg7 25.Bg3 Nh5 26.Ne4 Nxg3 27.hxg3 Nf6 28.Nc3 Ng4 29.Ne5 Nxe5
30.dxe5 Qxd3 31.Rxd3 Rec7 32.f4 Bf8 33.Ne4 Bxe4 34.Rxe4 Rc1+ 35.Kh2 Rf1 36.Rc4 Bc5
37.Rd1  0-1

[Event "III President's Cup"]
[Site "Baku AZE"]
[Date "2008.05.12"]
[Round "1"]
[White "Van Wely,L"]
[Black "Rahmanov,S"]
[Result "0-1"]
[WhiteElo "2677"]
[BlackElo "2133"]

1.d4 d5 2.c4 e6 3.Nf3 f5 4.Bf4 Nf6 5.e3 Bd6 6.Nc3 c6 7.Bd3 O-O 8.O-O Qe7
9.c5 Bxf4 10.exf4 Nbd7 11.Qa4 Ne4 12.Ne2 Ndf6 13.b4 a6 14.Rad1 Kh8 15.Qa5 Ng4
16.a4 Bd7 17.h3 Nh6 18.Qc7 Nf7 19.Ne5 Nxe5 20.dxe5 Rfd8 21.Qb6 g5 22.f3 gxf4
23.fxe4 f3 24.Rxf3 fxe4 25.Bxe4 dxe4 26.Rf4 Be8 27.Rxe4 Bh5 28.Rdd4 Rg8 29.Nf4 Bf3
30.Re3 Bd5 31.Re2 Raf8 32.b5 axb5 33.axb5 Qg5 34.h4 Qg4 35.Rf2 Ra8 36.Ne2 Ra1+
37.Kh2  0-1

[Event "III President's Cup"]
[Site "Baku AZE"]
[Date "2008.05.14"]
[Round "3"]
[White "Van Wely,L"]
[Black "Ojagverdiyev,Z"]
[Result "1-0"]
[WhiteElo "2677"]
[BlackElo "2077"]

1.d4 d5 2.c4 c6 3.Nf3 Nf6 4.Nc3 e6 5.Bg5 Be7 6.e3 Nbd7 7.Qc2 h6 8.Bh4 Nh5
9.Bxe7 Qxe7 10.O-O-O Nhf6 11.Kb1 O-O 12.Rg1 dxc4 13.g4 e5 14.g5 hxg5 15.Nxg5 b5
16.d5 e4 17.dxc6 Nc5 18.Nxb5 Nd3 19.Qxc4 a6 20.Nc3 Nxf2 21.Nd5 Qe5 22.Rd2 Nxd5
23.Qxd5 Qxd5 24.Rxd5 Re8 25.Bc4 Ng4 26.c7 Ne5 27.Rd8  1-0